000 00344nam a2200133Ia 4500
008 240719s9999 xx 000 0 und d
041 _aeng
082 _a828 HAB
100 _aHabard, Ron L.
245 _aAatm Vishleshan
260 _aNew Dehli
_bDenmark:New Era Publications
_c2009
300 _a373.; P. 22 cm
520 _aGifted By : New era
999 _c41445
_d41445